| 000 | nam a22 7a 4500 | ||
|---|---|---|---|
| 999 |
_c29250 _d29250 |
||
| 008 | 171123b xxu||||| |||| 00| 0 eng d | ||
| 020 | _a9780195736540 | ||
| 050 | _aPL 8704 .M38 2011 | ||
| 100 | _a Matei, Assumpta K | ||
| 245 |
_aFani ya Fasihi Simulizi kwa Shule za Upili / _cAssumpta K. Matei |
||
| 260 |
_aNairobi; _bOxford University Press, _c2011 |
||
| 300 | _avi, 186p. : ill. ; 25 cm | ||
| 650 | _aFasihi | ||
| 942 |
_2lcc _cBOOKS _hPL 8704 .M38 2011 _032 |
||